20 Largest American Cities - Statistics

General Stats
  • This quiz has been taken 53 times
  • The average score is 16 of 20
Answer Stats
Population # Answer % Correct
12,799,100 2 Los Angeles
100%
19,498,249 1 New York City
100%
4,919,179 11 Boston
96%
9,262,825 3 Chicago
96%
7,510,253 5 Houston
91%
4,566,961 13 San Francisco
91%
8,100,037 4 Dallas
89%
6,183,199 9 Miami
89%
5,070,110 10 Phoenix
89%
3,269,973 18 San Diego
89%
6,246,160 8 Philadelphia
87%
4,044,837 15 Seattle
84%
6,307,261 6 Atlanta
78%
6,304,975 7 Washington
73%
3,005,131 19 Denver
71%
4,342,304 14 Detroit
69%
3,712,020 16 Minneapolis
67%
2,834,316 20 Baltimore
60%
3,342,963 17 Tampa
56%
4,688,053 12 Riverside
11%
No matching quizzes found
Score Distribution
Percent of People with Each Score
Percentile by Number Answered
Your Score History
You have not taken this quiz